[Event "4NCL 2012-13"]
[Site "Staverton ENG"]
[Date "2013.01.13"]
[Round "4.161"]
[White "Palliser, Richard J D"]
[Black "Chapman, Terry P D"]
[Result "0-1"]
[WhiteTitle "IM"]
[WhiteElo "2453"]
[BlackElo "2279"]
[WhiteTeam "White Rose"]
[BlackTeam "Barbican 4NCL"]
[WhiteFideId "407372"]
[BlackFideId "413399"]
[EventDate "2012.11.03"]

1. d4 d6 2. Nf3 g6 3. c4 Bg7 4. Nc3 Bg4 5. e3 c5 6. Be2 Nc6 7. d5 Bxf3 8. gxf3
Ne5 9. f4 Nd7 10. Qc2 Nh6 11. h4 a6 12. Bd2 Nf5 13. Bg4 Nh6 14. Bh3 Rb8 15. a4
Nb6 16. Ne4 Na8 17. Bc3 Kf8 18. Bxg7+ Kxg7 19. Qc3+ Kg8 20. f5 Nc7 21. h5 b5 22.
axb5 axb5 23. hxg6 hxg6 24. fxg6 f6 25. Rg1 bxc4 26. Ra7 f5 27. Qa5 Nxd5 28.
Qxd8+ Rxd8 29. Ng3 e6 30. Bf1 Nf6 31. Bxc4 d5 32. Bb5 Nhg4 33. f3 Ne5 34. Be2
Rb8 35. Re7 Rb6 36. f4 Neg4 37. Bxg4 Nxg4 38. Re8+ Kg7 39. Rxh8 Kxh8 40. Nh5
Rxb2 41. Rg3 Rh2 0-1

[Event "4NCL 2012-13"]
[Site "Staverton ENG"]
[Date "2013.01.13"]
[Round "4.162"]
[White "Rogers, Jonathan W"]
[Black "Wells, Peter K"]
[Result "0-1"]
[WhiteTitle "FM"]
[BlackTitle "GM"]
[WhiteElo "2328"]
[BlackElo "2488"]
[WhiteTeam "Barbican 4NCL"]
[BlackTeam "White Rose"]
[WhiteFideId "402052"]
[BlackFideId "400327"]
[EventDate "2012.11.03"]

1. d4 Nf6 2. Nf3 d5 3. c4 e6 4. g3 Bb4+ 5. Bd2 Be7 6. Bg2 c6 7. Qc2 O-O 8. O-O
Nbd7 9. Bf4 b6 10. Nbd2 Nh5 11. e4 Nxf4 12. gxf4 Nf6 13. Ne5 Bb7 14. Rad1 Nh5
15. f5 Nf4 16. Bf3 Bd6 17. Kh1 Qh4 18. Rg1 Nh3 19. Rg2 Bxe5 20. dxe5 Nxf2+ 21.
Rxf2 Qxf2 22. Rg1 dxc4 23. Rg2 Qe1+ 24. Rg1 Qe3 0-1

[Event "4NCL 2012-13"]
[Site "Staverton ENG"]
[Date "2013.01.13"]
[Round "4.163"]
[White "McNab, Colin A"]
[Black "Morrison, Graham SCO"]
[Result "1/2-1/2"]
[WhiteTitle "GM"]
[BlackTitle "FM"]
[WhiteElo "2455"]
[BlackElo "2352"]
[WhiteTeam "White Rose"]
[BlackTeam "Barbican 4NCL"]
[WhiteFideId "2400030"]
[BlackFideId "2400090"]
[EventDate "2012.11.03"]

1. c4 Nf6 2. Nf3 b6 3. g3 c5 4. Bg2 Bb7 5. d3 g6 6. e4 Bg7 7. Nc3 O-O 8. h3 d6
9. Bg5 Nc6 10. Qd2 Re8 11. Bh6 Bh8 12. O-O Nd7 13. Nh2 Nd4 14. f4 a6 15. Ne2 b5
16. Nxd4 Bxd4+ 17. Kh1 bxc4 18. dxc4 Nf6 19. Rae1 Qb6 20. Qd3 Qxb2 21. Re2 Qc3
22. Qxc3 Bxc3 23. e5 Nh5 24. Re3 Bd4 25. Bxb7 Bxe3 26. Bxa8 Rxa8 27. Rf3 Bd4 28.
g4 Ng7 29. exd6 exd6 30. Rb3 Ne8 31. Nf3 Bg7 32. Bxg7 Nxg7 1/2-1/2

[Event "4NCL 2012-13"]
[Site "Staverton ENG"]
[Date "2013.01.13"]
[Round "4.164"]
[White "Dorrington, Chris J"]
[Black "Gourlay, Iain"]
[Result "1/2-1/2"]
[BlackTitle "FM"]
[WhiteElo "2307"]
[BlackElo "2347"]
[WhiteTeam "Barbican 4NCL"]
[BlackTeam "White Rose"]
[WhiteFideId "410462"]
[BlackFideId "2401533"]
[EventDate "2012.11.03"]

1. e4 c5 2. f4 e6 3. Nf3 d5 4. Nc3 Nf6 5. e5 Nfd7 6. d4 Nc6 7. Be3 Qb6 8. Na4
Qa5+ 9. c3 cxd4 10. b4 Qc7 11. Nxd4 Be7 12. Bd3 O-O 13. O-O Rd8 14. Qh5 Nf8 15.
Nb5 Qb8 16. Nd6 Bxd6 17. exd6 Qxd6 18. Bc5 Qc7 19. Rf3 g6 20. Qh6 b6 21. Bxf8
Rxf8 22. b5 Nd8 23. Rh3 f5 24. Rd1 Qg7 25. Qh4 Bb7 26. Bc2 Rc8 27. Bb3 Rc7 28.
Qe1 Qf6 29. Re3 Bc8 30. Qe2 Nf7 31. c4 d4 32. Red3 Rd8 33. Qf2 Rcd7 34. c5 bxc5
35. Nxc5 Rd6 36. Bc4 e5 37. fxe5 Qxe5 38. Nb3 Kg7 39. Rxd4 Rxd4 1/2-1/2

[Event "4NCL 2012-13"]
[Site "Staverton ENG"]
[Date "2013.01.13"]
[Round "4.165"]
[White "Croad, Nicolas"]
[Black "Taylor, Martin R"]
[Result "1/2-1/2"]
[WhiteTitle "FM"]
[BlackTitle "FM"]
[WhiteElo "2282"]
[BlackElo "2336"]
[WhiteTeam "White Rose"]
[BlackTeam "Barbican 4NCL"]
[WhiteFideId "4300793"]
[BlackFideId "407836"]
[EventDate "2012.11.03"]

1. d4 Nf6 2. c4 e6 3. Nf3 d5 4. Nc3 c6 5. Bg5 Nbd7 6. cxd5 exd5 7. e3 Be7 8. Qc2
Nh5 9. Bxe7 Qxe7 10. O-O-O g6 11. h3 Ng7 12. g4 Nb6 13. Bd3 Be6 14. Kb1 O-O-O
15. Na4 Nxa4 16. Qxa4 Kb8 17. Rc1 Rd6 18. Rc3 Rc8 19. Rhc1 Rc7 20. Ra3 b6 21.
Rac3 f6 22. Ne1 Bd7 23. Qb4 Ne6 24. Nc2 Bc8 25. Na3 Bb7 26. Qa4 Rd8 27. Ba6 Rdc8
28. Bxb7 Kxb7 29. Nc2 c5 30. dxc5 Nxc5 31. Qd4 Qe5 32. Nb4 Qxd4 33. exd4 Ne4 34.
Rxc7+ Rxc7 35. Rxc7+ Kxc7 36. f3 Nd2+ 37. Kc2 Nxf3 38. Nxd5+ Kd6 39. Nxf6 Nxd4+
40. Kd3 Ne6 41. Nxh7 Nf4+ 42. Kc4 Nxh3 43. Kb5 Kc7 44. Ka6 Kb8 45. g5 Ka8 46. a3
Kb8 47. a4 Ka8 1/2-1/2

[Event "4NCL 2012-13"]
[Site "Staverton ENG"]
[Date "2013.01.13"]
[Round "4.166"]
[White "Poobalasingam, Peter S"]
[Black "Olsarova, Tereza"]
[Result "1-0"]
[WhiteTitle "FM"]
[BlackTitle "WIM"]
[WhiteElo "2211"]
[BlackElo "2267"]
[WhiteTeam "Barbican 4NCL"]
[BlackTeam "White Rose"]
[WhiteFideId "410683"]
[BlackFideId "325449"]
[EventDate "2012.11.03"]

1. d4 d5 2. Nc3 Bf5 3. f3 Nf6 4. Bg5 c5 5. dxc5 d4 6. e4 dxc3 7. Qxd8+ Kxd8 8.
exf5 cxb2 9. Rb1 Nbd7 10. c6 bxc6 11. Rxb2 g6 12. Bc4 Bg7 13. Rb3 gxf5 14. Bxf7
e5 15. Ne2 Kc7 16. O-O Rhf8 17. Bc4 Nd5 18. Bxd5 cxd5 19. Rd1 d4 20. f4 Nc5 21.
Rh3 Rh8 22. fxe5 Ne6 23. Nxd4 Nxd4 24. Rxd4 Bxe5 25. Rc4+ 1-0

[Event "4NCL 2012-13"]
[Site "Staverton ENG"]
[Date "2013.01.13"]
[Round "4.167"]
[White "Gayson, Peter M"]
[Black "Sanders, Isaac B"]
[Result "0-1"]
[WhiteElo "2215"]
[BlackElo "2113"]
[WhiteTeam "White Rose"]
[BlackTeam "Barbican 4NCL"]
[WhiteFideId "401838"]
[BlackFideId "417661"]
[EventDate "2012.11.03"]

1. e4 e5 2. Nf3 Nc6 3. d4 exd4 4. Bc4 Nf6 5. O-O Nxe4 6. Re1 d5 7. Bxd5 Qxd5 8.
Nc3 Qh5 9. Nxe4 Be6 10. Bg5 Bd6 11. h3 O-O 12. Nxd6 cxd6 13. Bf4 Qd5 14. Qd2
Rad8 15. b3 Bxh3 16. c4 Qh5 17. Nxd4 Qg4 18. f3 Qg6 19. Nxc6 bxc6 20. Rad1 d5
21. c5 Rfe8 22. Bd6 f6 23. Kh2 Bf5 24. Qa5 Qg5 25. Bg3 h5 26. Qc7 Bc2 27. Qxc6
Rxe1 28. Rxe1 h4 29. Re8+ Kh7 30. Bf2 h3 31. gxh3 Bd1 32. Be3 Qg6 33. Rxd8 Bxf3
34. Rh8+ Kxh8 35. Qc8+ Kh7 36. Bg5 Qxg5 0-1

[Event "4NCL 2012-13"]
[Site "Staverton ENG"]
[Date "2013.01.13"]
[Round "4.168"]
[White "Regan, Natasha K"]
[Black "Townsend, M Paul"]
[Result "1-0"]
[WhiteTitle "WIM"]
[WhiteElo "2074"]
[BlackElo "2234"]
[WhiteTeam "Barbican 4NCL"]
[BlackTeam "White Rose"]
[WhiteFideId "403067"]
[BlackFideId "402320"]
[EventDate "2012.11.03"]

1. Nf3 Nf6 2. b3 g6 3. Bb2 Bg7 4. g3 O-O 5. Bg2 d6 6. d4 Nbd7 7. O-O e5 8. dxe5
Ng4 9. c4 Ngxe5 10. Nc3 Nxf3+ 11. exf3 a5 12. a3 Re8 13. Rb1 Nf6 14. Qd2 Bd7 15.
h4 h5 16. Ne2 Bf5 17. Rbd1 Qd7 18. Kh2 a4 19. b4 Be6 20. Qf4 Qe7 21. Rfe1 Nd7
22. Bxg7 Kxg7 23. Nd4 Ne5 24. c5 Rad8 25. Nb5 Bb3 26. cxd6 cxd6 27. Rc1 Qf6 28.
Qxf6+ Kxf6 29. Re4 Bd5 30. Rf4+ Ke7 31. Nc7 Be6 32. Nxe8 Kxe8 33. Rd4 b5 34. f4
Nc4 35. Bc6+ Bd7 36. Re1+ Kf8 37. Bxd7 Rxd7 38. Rd3 d5 39. Red1 Nb6 40. Kg2 Ke7
41. f5 gxf5 42. Kf3 Kf6 43. Kf4 Re7 44. Rc3 d4 45. Rc5 Re4+ 46. Kf3 Nc4 47. Rxb5
Nxa3 48. Rc5 d3 49. Rxd3 Nb1 50. Rc6+ Kg7 51. b5 Rb4 52. Ra6 a3 53. b6 Rb2 54.
Ke3 Rb4 55. Rd4 Rb3+ 56. Kf4 Nc3 57. Ke5 a2 58. Rd6 Rb1 59. Rc6 a1=Q 60. Rxa1
Rxa1 61. Rxc3 Rb1 62. Rc6 1-0

[Event "4NCL 2012-13"]
[Site "Staverton ENG"]
[Date "2013.01.13"]
[Round "4.171"]
[White "McDonald, Neil"]
[Black "Ghasi, Ameet K"]
[Result "1-0"]
[WhiteTitle "GM"]
[BlackTitle "IM"]
[WhiteElo "2454"]
[BlackElo "2434"]
[WhiteTeam "Wood Green, Hilsmark Kingfisher"]
[BlackTeam "Warwickshire Select"]
[WhiteFideId "400629"]
[BlackFideId "409200"]
[EventDate "2012.11.03"]

1. e4 g6 2. d4 Bg7 3. Nc3 d6 4. Be3 a6 5. h4 h5 6. Qd2 Nf6 7. f3 Nc6 8. O-O-O b5
9. Kb1 Rb8 10. Nh3 Bxh3 11. Rxh3 e6 12. Bg5 Qd7 13. d5 exd5 14. exd5 Ne5 15. f4
Neg4 16. Re1+ Kf8 17. f5 b4 18. Ne4 Nxe4 19. Rxe4 Qxf5 20. Bd3 Qxd5 21. Qe2 Ne5
22. Bf4 f5 23. Ree3 Qd4 24. Bg5 Ng4 25. c3 bxc3 26. Kc1 cxb2+ 27. Kb1 Be5 28.
Bc2 Nxe3 29. Rxe3 Kg7 30. Rd3 Qg4 31. Qe1 Rhe8 32. Qa5 Rb6 33. Rc3 Rc8 34. Qxb6
Bxc3 35. Qc6 Qe2 36. Qd7+ Kg8 37. Qxc8+ Kh7 38. Qxc7+ Bg7 39. Bf6 Qe1+ 40. Kxb2
Qb4+ 1-0

[Event "4NCL 2012-13"]
[Site "Staverton ENG"]
[Date "2013.01.13"]
[Round "4.172"]
[White "Stepanyan, Henrik"]
[Black "Trent, Lawrence"]
[Result "1/2-1/2"]
[BlackTitle "IM"]
[WhiteElo "2016"]
[BlackElo "2429"]
[WhiteTeam "Warwickshire Select"]
[BlackTeam "Wood Green, Hilsmark Kingfisher"]
[WhiteFideId "401030"]
[BlackFideId "408638"]
[EventDate "2012.11.03"]

1. c4 d6 2. d4 g6 3. Nc3 Bg7 4. e4 Nf6 5. Nf3 O-O 6. h3 c5 7. d5 e6 8. Bd3 exd5
9. cxd5 Re8 10. O-O c4 11. Bxc4 Nxe4 12. Nxe4 Rxe4 13. Qc2 Re8 14. Bg5 Qb6 15.
Rfe1 Bd7 16. Rxe8+ Bxe8 17. Re1 Nd7 18. b3 Ne5 19. Nxe5 Bxe5 20. Be3 Qa5 21. Bd2
Qc5 22. Be3 Qa5 23. Bd2 Qc7 24. Qd3 Qd8 25. a4 Qf6 26. f4 Bd4+ 27. Be3 Bxe3+ 28.
Qxe3 Bd7 29. Qe7 Qd4+ 30. Qe3 Qxe3+ 31. Rxe3 Kf8 32. Kf2 Rc8 33. Rc3 a6 34. a5
Rc5 35. b4 Rc8 36. Ke3 Ke7 37. Kd4 Kf6 38. Rf3 Bb5 39. Bd3 h6 40. g4 Rc1 41. g5+
Kg7 42. Re3 Rd1 43. Kc3 Bxd3 44. Rxd3 Rf1 45. gxh6+ Kxh6 46. Re3 Rc1+ 1/2-1/2

[Event "4NCL 2012-13"]
[Site "Staverton ENG"]
[Date "2013.01.13"]
[Round "4.173"]
[White "Ward, Chris G"]
[Black "Weaving, Richard"]
[Result "1-0"]
[WhiteTitle "GM"]
[WhiteElo "2432"]
[BlackElo "2176"]
[WhiteTeam "Wood Green, Hilsmark Kingfisher"]
[BlackTeam "Warwickshire Select"]
[WhiteFideId "400203"]
[BlackFideId "401161"]
[EventDate "2012.11.03"]

1. d4 Nf6 2. c4 e6 3. Nc3 Bb4 4. g3 c5 5. Nf3 cxd4 6. Nxd4 Ne4 7. Qd3 Bxc3+ 8.
bxc3 Nc5 9. Qf3 O-O 10. Bg2 d6 11. O-O Bd7 12. Rd1 Qe7 13. Qe3 Ba4 14. Rd2 Rd8
15. Ba3 Nba6 16. Nb5 Qf8 17. Rb1 Rd7 18. Qf4 e5 19. Qe3 Qd8 20. Bh3 Ne6 21. Nxd6 1-0

[Event "4NCL 2012-13"]
[Site "Staverton ENG"]
[Date "2013.01.13"]
[Round "4.174"]
[White "Pitcher, John"]
[Black "Pert, Richard G"]
[Result "0-1"]
[BlackTitle "IM"]
[WhiteElo "2226"]
[BlackElo "2454"]
[WhiteTeam "Warwickshire Select"]
[BlackTeam "Wood Green, Hilsmark Kingfisher"]
[WhiteFideId "411485"]
[BlackFideId "404748"]
[EventDate "2012.11.03"]

1. e4 c5 2. Nf3 d6 3. Bc4 Nf6 4. d3 Nc6 5. Nbd2 e6 6. a3 d5 7. Ba2 Be7 8. O-O b6
9. Re1 Bb7 10. Qe2 Qc7 11. Nf1 O-O-O 12. e5 Nd7 13. c3 Rhg8 14. d4 g5 15. Be3 g4
16. N3d2 h5 17. b4 c4 18. b5 Na5 19. a4 h4 20. Bf4 Rde8 21. g3 Nf8 22. Ne3 Ng6
23. Qxg4 Nxf4 24. Qxf4 Bg5 25. Qf3 f6 26. exf6 Ref8 27. Ng4 Bxd2 28. Rxe6 Qd7
29. Qe2 hxg3 30. hxg3 Bxc3 31. Re7 Qd6 32. Rd1 Kb8 33. f7 Rh8 34. Re8+ Bc8 35.
Rxf8 Rxf8 36. Ne5 Be6 37. Qh5 Qe7 38. Qf3 Bb4 39. Rb1 Bd6 40. Re1 Bxe5 41. Rxe5
Qxf7 42. Qe3 Re8 43. Bb1 Bd7 44. f4 Nb3 45. Bc2 Rxe5 46. Qxe5+ Kc8 47. f5 Qe8
48. Qxd5 Qe3+ 49. Kh2 Qe2+ 50. Kh1 Qe1+ 51. Kh2 Qd2+ 52. Kh1 Qc1+ 0-1

[Event "4NCL 2012-13"]
[Site "Staverton ENG"]
[Date "2013.01.13"]
[Round "4.175"]
[White "Greet, Andrew N"]
[Black "Mason, Donald J"]
[Result "1-0"]
[WhiteTitle "IM"]
[WhiteElo "2438"]
[BlackElo "2222"]
[WhiteTeam "Wood Green, Hilsmark Kingfisher"]
[BlackTeam "Warwickshire Select"]
[WhiteFideId "405817"]
[BlackFideId "405116"]
[EventDate "2012.11.03"]

1. d4 Nf6 2. c4 g6 3. g3 Bg7 4. Bg2 O-O 5. Nc3 c5 6. Nf3 d6 7. O-O Nc6 8. dxc5
dxc5 9. Bf4 Be6 10. Qa4 Qa5 11. Qxa5 Nxa5 12. b3 Nh5 13. Be5 f6 14. Bc7 Nc6 15.
Nd2 Rac8 16. Bxc6 Rxc7 17. Bd5 Bxd5 18. Nxd5 Rd7 19. Ne4 b6 20. Rad1 Rb7 21. g4
f5 22. Nxc5 bxc5 23. gxh5 g5 24. Ne3 Rb6 25. Rd5 e6 26. Rxc5 Ra6 27. a4 Bd4 28.
Rb5 Rd8 29. Rd1 Rad6 30. Kg2 Kg7 31. Nc2 Kh6 32. Rxd4 Rxd4 33. Nxd4 Rxd4 34. c5
Kxh5 35. c6 Rd8 36. Rc5 Kg6 37. b4 Kf6 38. Ra5 Rc8 39. Rxa7 Rxc6 40. b5 Rc2 41.
b6 1-0

[Event "4NCL 2012-13"]
[Site "Staverton ENG"]
[Date "2013.01.13"]
[Round "4.176"]
[White "Shephard, Chris C W"]
[Black "Martin, Andrew D"]
[Result "0-1"]
[BlackTitle "IM"]
[WhiteElo "2167"]
[BlackElo "2392"]
[WhiteTeam "Warwickshire Select"]
[BlackTeam "Wood Green, Hilsmark Kingfisher"]
[WhiteFideId "470953"]
[BlackFideId "400300"]
[EventDate "2012.11.03"]

1. c4 e6 2. Nf3 Nf6 3. g3 c5 4. Bg2 Nc6 5. O-O d5 6. b3 Be7 7. Bb2 O-O 8. d3 d4
9. e4 e5 10. Nbd2 a6 11. Qe2 Bg4 12. Rfb1 Ne8 13. Qf1 Qd7 14. Ne1 Nd6 15. f3 Be6
16. Nc2 a5 17. a4 f5 18. exf5 Bxf5 19. Qe2 Rae8 20. Rf1 Bg5 21. Ne4 Nxe4 22.
fxe4 Bg4 23. Bf3 Be6 24. Bc1 Qd8 25. Bxg5 Qxg5 26. Rad1 Ra8 27. Qd2 Qe7 28. Bg2
Rxf1+ 29. Rxf1 Ra6 30. Na3 Nb4 31. Nb5 Ra8 32. Rf2 Rf8 33. Rxf8+ Kxf8 34. Na3 h6
35. Nc2 Nxc2 36. Qxc2 Qg5 37. Qd1 Qe3+ 0-1

[Event "4NCL 2012-13"]
[Site "Staverton ENG"]
[Date "2013.01.13"]
[Round "4.177"]
[White "Pein, Malcolm"]
[Black "Lam, Paul G M"]
[Result "1-0"]
[WhiteTitle "IM"]
[WhiteElo "2376"]
[BlackElo "2123"]
[WhiteTeam "Wood Green, Hilsmark Kingfisher"]
[BlackTeam "Warwickshire Select"]
[WhiteFideId "400289"]
[BlackFideId "411566"]
[EventDate "2012.11.03"]

1. Nf3 Nf6 2. c4 d6 3. d4 Nbd7 4. Nc3 e5 5. e4 Be7 6. Be2 O-O 7. O-O c6 8. Be3
Qc7 9. Qc2 Re8 10. Rfd1 Nf8 11. h3 Ng6 12. d5 c5 13. Rab1 a6 14. Ne1 Bd7 15. b4
b6 16. Rb3 h6 17. Rdb1 Nh7 18. bxc5 bxc5 19. Qd1 Ng5 20. Bg4 Nxe4 21. Nxe4 Ba4
22. g3 Bxb3 23. axb3 Reb8 24. Bf5 Bf8 25. Qg4 Ne7 26. Nf6+ Kh8 27. Bc2 gxf6 28.
Qh5 Ng6 29. Bxh6 Bxh6 30. Qxh6+ Kg8 31. Nf3 Qe7 32. Nh4 Qf8 33. Qh5 Qg7 34. Nf5
Qh8 35. Qg4 Kf8 36. Nxd6 Qg8 37. Nf5 Qh7 38. d6 Rd8 39. h4 a5 40. h5 Nh8 41. Be4
Ra6 42. Qh4 Re8 43. Qxf6 1-0

[Event "4NCL 2012-13"]
[Site "Staverton ENG"]
[Date "2013.01.13"]
[Round "4.178"]
[White "James, Ann-Marie"]
[Black "Hegarty, Sarah N"]
[Result "1/2-1/2"]
[WhiteTitle "WFM"]
[BlackTitle "WFM"]
[WhiteElo "2051"]
[BlackElo "2133"]
[WhiteTeam "Warwickshire Select"]
[BlackTeam "Wood Green, Hilsmark Kingfisher"]
[WhiteFideId "403644"]
[BlackFideId "2501465"]
[EventDate "2012.11.03"]

1. e4 c5 2. c3 d5 3. exd5 Qxd5 4. d4 Nc6 5. Nf3 Nf6 6. Be3 cxd4 7. cxd4 e6 8. a3
Be7 9. Nc3 Qd6 10. Bc4 O-O 11. O-O Nd5 12. Bg5 Nxc3 13. bxc3 h6 14. Bxe7 Nxe7
15. Re1 Bd7 16. Ne5 Rac8 17. Qb3 b5 18. Nxd7 bxc4 19. Qa4 Rfd8 20. Nc5 Nd5 21.
Qxc4 Qf4 22. Qd3 Qg4 23. h3 Qg5 24. Ne4 Qxg2+ 25. Kxg2 Nf4+ 26. Kg3 Nxd3 27.
Red1 Nb2 28. Rdb1 Na4 29. Rb3 f5 30. Nc5 Nxc5 31. dxc5 Rd3+ 32. Kg2 Rxc5 33.
Rb8+ Kh7 34. Re8 e5 35. Rb1 Rdxc3 36. h4 f4 37. Rb7 Rc7 38. Rxc7 Rxc7 39. Rxe5
Rf7 40. h5 g5 41. Kf3 Kg7 42. Re6 Rc7 43. Rg6+ Kh7 44. Ra6 Rf7 45. Rc6 Rb7 46.
Ra6 Rb3+ 47. Kg4 Rb7 48. Kf3 Rf7 1/2-1/2

[Event "4NCL 2012-13"]
[Site "Staverton ENG"]
[Date "2013.01.13"]
[Round "4.181"]
[White "Cobb, James"]
[Black "Bates, Richard A"]
[Result "0-1"]
[WhiteTitle "IM"]
[BlackTitle "IM"]
[WhiteElo "2423"]
[BlackElo "2370"]
[WhiteTeam "South Wales Dragons"]
[BlackTeam "Blackthorne Russia"]
[WhiteFideId "1800949"]
[BlackFideId "403555"]
[EventDate "2012.11.03"]

1. Nf3 Nf6 2. d4 g6 3. c4 Bg7 4. Nc3 O-O 5. Bg5 d6 6. e3 c5 7. Be2 Bf5 8. O-O
Ne4 9. Bh4 Nxc3 10. bxc3 Nc6 11. Nd2 cxd4 12. cxd4 d5 13. Qb3 dxc4 14. Nxc4 Qd7
15. Rac1 Be4 16. Rfd1 Qe6 17. Qb5 Rad8 18. Nd2 a6 19. Qa4 Bd5 20. Bc4 Qg4 21.
Bxd5 Rxd5 22. Nf3 Rfd8 23. h3 Qd7 24. Qa3 Ra5 25. Qb3 Rb5 26. Qc4 h6 27. Rd2 g5
28. Bg3 e6 29. Qc2 Nb4 30. Qe4 Nd5 31. Ne5 Qe8 32. h4 f5 33. Qf3 g4 34. Qe2 h5
35. e4 f4 36. exd5 fxg3 37. fxg3 Rbxd5 38. Qe4 Bxe5 39. dxe5 Rxd2 40. Rc7 Rd1+
41. Kh2 R1d7 0-1

[Event "4NCL 2012-13"]
[Site "Staverton ENG"]
[Date "2013.01.13"]
[Round "4.182"]
[White "Ansell, Simon T"]
[Black "Cooper, John G"]
[Result "0-1"]
[WhiteTitle "IM"]
[BlackTitle "IM"]
[WhiteElo "2377"]
[BlackElo "2343"]
[WhiteTeam "Blackthorne Russia"]
[BlackTeam "South Wales Dragons"]
[WhiteFideId "402141"]
[BlackFideId "1800027"]
[EventDate "2012.11.03"]

1. e4 e6 2. Qe2 c5 3. Nf3 Nc6 4. g3 g6 5. Bg2 Bg7 6. O-O Nge7 7. c3 e5 8. Na3
O-O 9. Rd1 d5 10. d3 h6 11. Nc2 d4 12. Qf1 Bg4 13. h3 Be6 14. Bd2 Qd7 15. Kh2 f5
16. Be1 fxe4 17. dxe4 Rad8 18. c4 Qe8 19. b3 Nc8 20. Bd2 Nd6 21. Nfe1 g5 22. Qe2
Qg6 23. Nd3 b6 24. Rh1 a5 25. Kg1 a4 26. h4 g4 27. Kh2 Ra8 28. Rhf1 Rf3 29. Nce1
Rf7 30. Rb1 axb3 31. axb3 Ra2 32. Nc1 Rxd2 33. Qxd2 Nxe4 34. Qc2 Bf5 35. Ncd3
Nc3 36. Ra1 Nb4 37. Ra8+ Kh7 38. Qd2 Nxd3 39. Kg1 Nb4 0-1

[Event "4NCL 2012-13"]
[Site "Staverton ENG"]
[Date "2013.01.13"]
[Round "4.183"]
[White "Zeidler, Sven P."]
[Black "Ledger, Andrew J"]
[Result "1/2-1/2"]
[WhiteTitle "FM"]
[BlackTitle "IM"]
[WhiteElo "2281"]
[BlackElo "2402"]
[WhiteTeam "South Wales Dragons"]
[BlackTeam "Blackthorne Russia"]
[WhiteFideId "1800604"]
[BlackFideId "400610"]
[EventDate "2012.11.03"]

1. e4 c6 2. Nc3 d5 3. Qf3 dxe4 4. Nxe4 Nd7 5. b3 Ngf6 6. Ng3 g6 7. Bb2 Bg7 8. h4
h5 9. Nh3 Nb6 10. c4 O-O 11. d4 e5 12. dxe5 Ng4 13. Qe4 Nd7 14. O-O-O Qxh4 15.
Be2 Re8 16. Ng1 Qe7 17. Bxg4 Nc5 18. Qe3 Bxg4 19. f3 Be6 20. f4 Bg4 21. Nf3 a5
22. f5 Bxf3 23. Qxf3 Bxe5 24. f6 Bxb2+ 25. Kxb2 Qe3 26. Nxh5 Qxf3 27. gxf3 Re2+
28. Kb1 Rf2 29. Nf4 Rxf3 30. Rh2 Ne4 31. Rdh1 Nxf6 32. Rh8+ Kg7 33. Ne6+ fxe6
34. Rxa8 g5 35. Rxa5 Kg6 36. Re5 g4 37. Rxe6 g3 38. Rg1 Kf5 39. Re7 Ne4 40. Rxb7
Kg4 41. a4 Rf2 42. Rg7+ Kh3 43. Rh7+ 1/2-1/2

[Event "4NCL 2012-13"]
[Site "Staverton ENG"]
[Date "2013.01.13"]
[Round "4.184"]
[White "Webb, Laurence E"]
[Black "Redmond, John P."]
[Result "0-1"]
[WhiteTitle "FM"]
[WhiteElo "2285"]
[BlackElo "2236"]
[WhiteTeam "Blackthorne Russia"]
[BlackTeam "South Wales Dragons"]
[WhiteFideId "402389"]
[BlackFideId "2500051"]
[EventDate "2012.11.03"]

1. e4 e6 2. d4 d5 3. e5 c5 4. c3 Nc6 5. Nf3 Bd7 6. Be2 Rc8 7. O-O a6 8. b3 cxd4
9. cxd4 Qb6 10. Bb2 Nh6 11. Nc3 Na7 12. Bd3 Qa5 13. Rc1 Bb4 14. Na4 Bb5 15. a3
Be7 16. Rxc8+ Nxc8 17. Qc2 Na7 18. Bxb5+ Qxb5 19. Qc7 Bd8 20. Qc2 O-O 21. Bc1
Nf5 22. g4 Ne7 23. Ng5 Ng6 24. h4 Bxg5 25. Bxg5 Rc8 26. Qd1 h6 27. h5 hxg5 28.
hxg6 fxg6 29. Nc5 Qc6 30. Qd3 Nb5 31. b4 b6 32. Nxa6 Qc4 33. Rd1 Nc3 34. Qxc4
dxc4 35. Re1 Nb5 36. d5 exd5 37. a4 Nd4 38. Kf1 c3 39. b5 c2 0-1

[Event "4NCL 2012-13"]
[Site "Staverton ENG"]
[Date "2013.01.13"]
[Round "4.185"]
[White "Jameson, David"]
[Black "Ledger, Dave J"]
[Result "1-0"]
[BlackTitle "FM"]
[WhiteElo "2143"]
[BlackElo "2268"]
[WhiteTeam "South Wales Dragons"]
[BlackTeam "Blackthorne Russia"]
[WhiteFideId "1801538"]
[BlackFideId "401986"]
[EventDate "2012.11.03"]

1. e4 e5 2. Nf3 Nc6 3. Bc4 Bc5 4. b4 Bb6 5. b5 Nd4 6. Nxd4 Bxd4 7. c3 Bb6 8. O-O
Nf6 9. d3 d6 10. Bg5 h6 11. Be3 Be6 12. Bxe6 fxe6 13. Qb3 Qe7 14. Nd2 O-O 15.
Rae1 Kh7 16. d4 Ng4 17. h3 Nxe3 18. fxe3 Rxf1+ 19. Rxf1 exd4 20. cxd4 e5 21. Rf7
Qh4 22. Qe6 Qg5 23. Nf3 Qxe3+ 24. Kh2 Qxe4 25. dxe5 dxe5 26. Nxe5 Bd4 27. Rxg7+
Kxg7 28. Qf7+ Kh8 29. Ng6+ Qxg6 30. Qxg6 Bg7 31. Qe4 Rd8 32. Qxb7 Be5+ 33. Kg1
Rd2 34. Qc8+ Kg7 35. Qf5 Rd5 36. Qe6 Bd4+ 37. Kf1 Rd6 38. Qe7+ Kg6 39. Qxc7 Be5
40. Qxa7 Rd2 1-0

[Event "4NCL 2012-13"]
[Site "Staverton ENG"]
[Date "2013.01.13"]
[Round "4.186"]
[White "Eames, Robert S"]
[Black "Morris, Charles F"]
[Result "1/2-1/2"]
[WhiteTitle "FM"]
[WhiteElo "2263"]
[BlackElo "2155"]
[WhiteTeam "Blackthorne Russia"]
[BlackTeam "South Wales Dragons"]
[WhiteFideId "408743"]
[BlackFideId "1800140"]
[EventDate "2012.11.03"]

1. d4 d5 2. c4 c6 3. Nf3 Nf6 4. Nc3 dxc4 5. a4 Bf5 6. Ne5 Nbd7 7. Nxc4 Qc7 8. g3
e5 9. dxe5 Nxe5 10. Bf4 Nfd7 11. Bg2 f6 12. O-O Be6 13. Nxe5 fxe5 14. Bg5 h6 15.
Be3 Bc5 16. Bxc5 Nxc5 17. b4 Nb3 18. Bd5 cxd5 19. Qxb3 Qf7 20. Nb5 O-O 21. f4 d4
22. Qb2 Bh3 23. Rf2 a6 24. Nd6 Qg6 25. fxe5 Rxf2 26. Kxf2 Rf8+ 27. Kg1 Qg4 28.
Rd1 Kh8 29. Qc2 d3 30. Qxd3 Qxb4 31. Qe4 Qb6+ 32. e3 Qb2 33. Nf7+ Kg8 34. Nxh6+
gxh6 1/2-1/2